Silahlara veda/ (Record no. 13943)

MARC details
000 -BAŞLIK
Sabit Uzunlukta Kontrol Alanı 00694nam a22002297a 4500
999 ## - SİSTEM KONTROL NUMARALARI (KOHA)
Koha Biblionumber 13943
Koha Biblioitemnumber 13943
003 - KONTROL NUMARASI IDENTIFIER
Denetim Alanı MIRAKIL
005 - SON İŞLEM TARİHİ VE ZAMANI
Denetim Alanı 20200824122849.0
008 - SABİT-BOY VERİ ELEMANLARI - GENEL BİLGİLER
Sabit Uzunlukta Kontrol Alanı 200824b tu ||||| |||| 00| 0 tur d
020 ## - ULUSLARARASI STANDART KİTAP NUMARASI
Uluslararası Standart Kitap Numarası 9789754940084
040 ## - KATALOGLAMA KAYNAK
Orijinal Kataloglama Ajansı TR-AnCHP
Metne Dönüştürmek Ajansı TR-AnCHP
041 ## - DİL KODU
Metin / Ses Parça Veya Ayrı Başlığın Dil Kodu Tur
082 ## - DEWEY ONLU SINIFLANDIRMA NUMARASI
Sınıflandırma Numarası 828.35
Ürün Numarası H35s 2001
100 ## - ANA GİRİŞ - KİŞİSEL İSİM
Kişisel Ad Hemingway, Ernest
245 10 - BAŞLIK TABLOSU
Başlık Silahlara veda/
Sorumluluk Tablosu, Vb Ernest Hemingway; çeviren Mehmet Harmancı.
250 ## - EDITION TABLOSU
Baskı Beyanı 4 bs.
260 ## - YAYIN, DAĞITIM, VB
Yayın, Dağıtım, Vb Yeri Ankara:
Yayıncı, Dağıtıcı, Vs Adı Bilgi yayınevi,
Yayın, Dağıtım, Vb Tarihi 2001.
300 ## - FİZİKSEL TANIM
Kapsam 280 s.:
Boyutlar 19 sm.
490 0# - SERİSİ TABLOSU
Seri Beyanı Bilgi Yayınları;
-- Enest Hemingway, Bütün Eserleri;
Hacim / Ardışık Tanımı 302.
-- 4.
650 #0 - KONU KATMA GİRİŞ - TOPİKAL DÖNEM
9 (RLIN) 6078
Topikal Süreli Veya Coğrafi Ad Giriş Elemanı Amerikan edebiyatı
Genel Alt Bölümü Roman
700 1# - KATMA GİRİŞ - KİŞİSEL İSİM
9 (RLIN) 1613
Kişisel Ad Harmancı, Mehmet
Relator Terim çev.
942 ## - EKLENDİ GİRİŞ ELEMANLARI (KOHA)
Sınıflandırma Veya Raf Düzeni Kaynak Dewey Decimal Classification
Koha Öğesi Türü Books
Holdings
Kalıcı Konum Mevcut Konum Edinme Tarihi Toplam Check-Out'Lar Tam Çağrı Numarası Barkod Tarih Son Görülme İtibaren Geçerli Fiyatlar Sigara Kamu Notu Koha Öğesi Türü
CHP Kütüphanesi CHP Kütüphanesi 08/24/2020   828.35 H35s 2001 019427 08/24/2020 08/24/2020 Emine Başak Alkan Bağışıdır. Books